| 000 | 00834nam a2200229 4500 | ||
|---|---|---|---|
| 001 | 144997 | ||
| 003 | ES-MaACL | ||
| 005 | 20230906201137.0 | ||
| 007 | t| | ||
| 008 | 070214s1981 sp r ||||1| spa d | ||
| 100 | 1 |
_aSmullyan, Raymond M. _9106947 |
|
| 245 | 1 | 1 |
_a¿Cómo se llama este libro? _b: el enigma de Drácula y otros pensamientos lógicos / _cRaymond M. Smullyan ; [traducción de Carmen García Trevijano, Luis M. Valdés Villanueva, Consuelo Vázquez de Parga]. |
| 260 |
_aMadrid : _bCátedra, _c1981 ( _fLavel) |
||
| 300 |
_a292 p. ; _c18 cm. |
||
| 490 | 1 | _aTeorema | |
| 700 | 1 |
_aGarcía Trevijano, Carmen. _955342 |
|
| 700 | 1 |
_aValdés Villanueva, Luis M. _9112536 |
|
| 700 | 1 |
_aVázquez de Parga, Consuelo. _9113421 |
|
| 830 | 0 |
_aTeorema _9181356 |
|
| 852 |
_aES-MaACL _jL-3226 _bR.104238 |
||
| 999 |
_c144997 _d144997 |
||